[Event "ch-SCO"]
[Site "Edinburgh SCO"]
[Date "2009.07.17"]
[Round "7"]
[White "Zhang,F"]
[Black "Eggleston,D"]
[Result "0-1"]
[WhiteElo "2058"]
[BlackElo "2341"]
[EventDate "2009.07.11"]

1. d4 Nf6 2. c4 e6 3. Nc3 Bb4 4. Qc2 Nc6 5. Nf3 d6 6. Bg5 h6 7. Bh4 g5 8.
Bg3 g4 9. Nh4 Nxd4 10. Qd3 e5 11. e3 Nc6 12. a3 Bxc3+ 13. Qxc3 Ne4 14. Qc2
Nxg3 15. hxg3 Ne7 16. Bd3 Be6 17. Nf5 Nxf5 18. Bxf5 Qd7 19. Bxe6 Qxe6 20.
Rh5 O-O-O 21. O-O-O Kb8 22. e4 c6 23. Qe2 Qg6 24. Rdh1 f6 25. Qe3 Qf7 26.
Qe2 d5 27. exd5 cxd5 28. cxd5 Qxd5 29. Kb1 Qxg2 30. Rxh6 Qxh1+ 31. Rxh1
Rxh1+ 32. Ka2 Rd4 33. Qc2 Rhd1 34. Qg6 Rd6 35. Qg8+ Rd8 36. Qe6 R8d6 37.
Qg8+ Kc7 38. Qg7+ Kb6 39. Qxg4 a6 40. Qf3 Ka7 41. Qe3+ Kb8 42. g4 R1d3 43.
Qc5 Rc6 44. Qe7 Rd2 45. g5 Rb6 46. Qf8+ Ka7 47. Qc5 Rdxb2+ 48. Ka1 fxg5 49.
f3 R2b5 50. Qe3 Rb3 51. Qc5 Rxf3 52. Ka2 Rf4 53. Qg1 g4 54. Qe3 Rd4 55.
Qxe5 Rd2+ 56. Ka1 Rd1+ 57. Ka2 Rdb1 58. Qe3 R1b2+ 59. Ka1 g3 60. a4 R2b4
0-1

[Event "ch-SCO"]
[Site "Edinburgh SCO"]
[Date "2009.07.17"]
[Round "7"]
[White "Green,An"]
[Black "Walker,Du"]
[Result "1/2-1/2"]
[WhiteElo "2203"]
[BlackElo "1993"]
[EventDate "2009.07.11"]

1. e4 c5 2. Nf3 e6 3. d3 Nc6 4. g3 Bd6 5. Bg2 b6 6. O-O Bb7 7. Nc3 Rc8 8.
d4 cxd4 9. Nxd4 a6 10. Be3 Bb8 11. f4 Nge7 12. Qg4 Ng6 13. Nxc6 Bxc6 14. f5
h5 15. Qe2 Ne5 16. Qxa6 h4 17. fxe6 dxe6 18. Rad1 Nd7 19. Bg5 f6 20. Bf4
hxg3 21. hxg3 Bxf4 22. gxf4 Qc7 23. Qc4 Nf8 24. Rd3 Rh4 25. Nb5 Bxb5 26.
Qxb5+ Qc6 27. Qxc6+ Rxc6 28. Rf2 Ng6 29. e5 Rc5 30. exf6 gxf6 31. f5 Nf4
32. Rdf3 Rxf5 33. Rg3 Rg5 34. Rxg5 1/2-1/2

[Event "ch-SCO"]
[Site "Edinburgh SCO"]
[Date "2009.07.17"]
[Round "7"]
[White "Farrell,N"]
[Black "Kleboe,J"]
[Result "1-0"]
[WhiteElo "2191"]
[BlackElo "1936"]
[EventDate "2009.07.11"]

1. d4 f5 2. Nf3 Nf6 3. g3 e6 4. Bg2 Be7 5. O-O O-O 6. c4 Na6 7. b3 d6 8.
Bb2 Rb8 9. Nbd2 Bd7 10. Qc2 c6 11. a4 Nb4 12. Qc3 a5 13. Ba3 Ne4 14. Nxe4
fxe4 15. Nd2 d5 16. f3 c5 17. e3 cxd4 18. exd4 e5 19. dxe5 Bc5+ 20. Kh1 e3
21. cxd5 Rc8 22. Nc4 Nxd5 23. Qe1 Bb4 24. Bxb4 axb4 25. f4 Nc3 26. Qxe3
Rxc4 27. bxc4 Qc7 28. Bd5+ Nxd5 29. cxd5 Bh3 30. Rac1 Qa5 31. Rfd1 Qxa4 32.
e6 b3 33. Qd4 Qb5 34. e7 Re8 35. d6 Qe2 36. Qc4+ Qxc4 37. Rxc4 b2 38. Rb4
Bd7 39. Rxb2 Rc8 40. Kg1 Kf7 41. Rxb7 Ke8 42. Rdb1 Rc6 43. Rxd7 1-0

[Event "ch-SCO"]
[Site "Edinburgh SCO"]
[Date "2009.07.17"]
[Round "7"]
[White "Kafka,G"]
[Black "Hookham,J"]
[Result "0-1"]
[WhiteElo "2077"]
[BlackElo "1997"]
[EventDate "2009.07.11"]

1. e4 c5 2. Nc3 g6 3. d4 cxd4 4. Qxd4 Nf6 5. Bb5 a6 6. e5 axb5 7. exf6 exf6
8. Nd5 Ra6 9. Bd2 Re6+ 10. Ne2 Bg7 11. Qd3 O-O 12. O-O d6 13. Nd4 Re5 14.
Qxb5 b6 15. c4 Ba6 16. Qb4 f5 17. Nf3 Re4 18. Rac1 b5 19. b3 Bb2 20. Bh6
Rfe8 21. Rc2 Bh8 22. Rfc1 Nc6 23. Qd2 bxc4 24. bxc4 Ne5 25. Nxe5 Bxe5 26.
Nc3 Rxc4 27. g3 Bb7 28. Bg5 Qa5 29. f4 Bd4+ 30. Kf1 Qa6 31. Ne2 Qc6 32. Ng1
Rxc2 33. Rxc2 Ba6+ 34. Ne2 Qh1+ 0-1

[Event "ch-SCO"]
[Site "Edinburgh SCO"]
[Date "2009.07.17"]
[Round "7"]
[White "Montgomery,R"]
[Black "McClement,A"]
[Result "1/2-1/2"]
[WhiteElo "1944"]
[BlackElo "1893"]
[EventDate "2009.07.11"]

1. Nf3 Nf6 2. g3 e6 3. Bg2 d5 4. c4 c6 5. O-O Nbd7 6. b3 Be7 7. e3 O-O 8.
Nc3 b6 9. Bb2 Ba6 10. d3 Rc8 11. Rc1 Qc7 12. a3 Rfd8 13. cxd5 exd5 14. Nd4
Nc5 15. Na4 Bxd3 16. Re1 Nxa4 17. bxa4 Bc4 18. Nf5 Ne8 19. Bh3 Bf8 20. Qg4
f6 21. Nd4 g6 22. Ne6 Qd7 23. Nxd8 Qxg4 24. Bxg4 Rxd8 25. Bd1 1/2-1/2

[Event "ch-SCO"]
[Site "Edinburgh SCO"]
[Date "2009.07.18"]
[Round "8"]
[White "Hebden,M"]
[Black "Arun Prasad,S"]
[Result "1/2-1/2"]
[WhiteElo "2468"]
[BlackElo "2556"]
[EventDate "2009.07.11"]

1. d4 d5 2. c4 e6 3. Nf3 Nf6 4. Bg5 dxc4 5. Nc3 c6 6. e4 b5 7. e5 h6 8. Bh4
g5 9. Nxg5 hxg5 10. Bxg5 Nbd7 11. exf6 Bb7 12. g3 Qb6 13. Bg2 O-O-O 14. O-O
c5 15. d5 b4 16. Na4 Qb5 17. a3 Nb8 18. axb4 cxb4 19. Qd4 Nc6 20. Nb6+ axb6
21. dxc6 Bxc6 22. Bxc6 Qxc6 23. Qg4 Kb7 24. b3 c3 25. Qe2 Bh6 26. Bxh6 Rxh6
27. Qa6+ Kc7 28. Rfd1 Rhh8 29. Rxd8 Rxd8 30. Qe2 Qc5 31. Qf3 Rd5 32. g4 Qd4
33. Kg2 Qd2 34. h4 c2 35. g5 Qd1 36. Qf4+ Kb7 37. Rc1 Rd4 38. Qf3+ Ka7 39.
Rxd1 cxd1=Q 40. Qxd1 Rxd1 41. h5 Rd5 42. f4 Rf5 43. h6 Rd5 44. Kf3 Kb7 45.
Kg4 Kc7 46. h7 Rd8 47. Kh5 Kd7 48. Kh6 Rh8 49. Kg7 Ke8 50. Kxh8 Kf8 51. g6
fxg6 52. f5 exf5 53. f7 1/2-1/2

[Event "ch-SCO"]
[Site "Edinburgh SCO"]
[Date "2009.07.18"]
[Round "8"]
[White "Greet,A"]
[Black "Panchanathan,M"]
[Result "0-1"]
[WhiteElo "2443"]
[BlackElo "2493"]
[EventDate "2009.07.11"]

1. d4 Nf6 2. c4 e6 3. g3 d5 4. Nf3 dxc4 5. Bg2 a6 6. O-O Nc6 7. Nc3 Rb8 8.
e4 Be7 9. Qe2 b5 10. Rd1 O-O 11. d5 exd5 12. e5 Nb4 13. exf6 Bxf6 14. a3
Nd3 15. Rxd3 cxd3 16. Qxd3 Be6 17. Bf4 Rc8 18. Rd1 c5 19. Be5 Bxe5 20. Nxe5
d4 21. Ne2 Qc7 22. Nf3 g6 23. Nf4 Bf5 24. Qd2 Rfd8 25. Nh4 Bg4 26. Rc1 c4
27. Nd5 Qe5 28. f4 c3 29. bxc3 dxc3 30. Qf2 Qd6 31. Qd4 c2 32. Nf6+ Kh8 33.
Bd5 Qc5 34. Qxc5 Rxc5 35. Kf2 Be6 36. Bxe6 Rd1 37. Rxc2 Rxc2+ 38. Kf3 fxe6
39. Kg4 Rxh2 40. Nf3 Rc2 41. Ng5 Kg7 42. Ne8+ Kf8 43. Nf6 h5+ 0-1

[Event "ch-SCO"]
[Site "Edinburgh SCO"]
[Date "2009.07.18"]
[Round "8"]
[White "McNab,C"]
[Black "Kjartansson,G"]
[Result "0-1"]
[WhiteElo "2474"]
[BlackElo "2356"]
[EventDate "2009.07.11"]

1. c4 Nf6 2. Nf3 e6 3. g3 d5 4. b3 Be7 5. Bg2 O-O 6. O-O b6 7. Bb2 Bb7 8.
d3 c5 9. e3 dxc4 10. bxc4 Nc6 11. Qe2 Qc7 12. Nc3 Rad8 13. Rab1 Rd7 14.
Rfd1 Rfd8 15. Ne1 h6 16. f4 Nb4 17. Bxb7 Qxb7 18. a3 Nc6 19. Nf3 Ne8 20.
Ne4 f5 21. Nf2 Bf6 22. d4 Rd6 23. Ne5 cxd4 24. exd4 Nxd4 25. Bxd4 Rxd4 26.
Rxd4 Rxd4 27. Nf3 Rd6 28. c5 Rc6 29. cxb6 axb6 30. g4 fxg4 31. Nxg4 Qc7 32.
f5 Qc8 33. fxe6 Rxe6 34. Qa2 Be7 35. Re1 Bc5+ 36. Kg2 Nc7 37. Nge5 Qa8 38.
Nd3 Qxa3 39. Qc4 Kh8 40. Rxe6 Nxe6 41. Nde5 Qb2+ 42. Kh3 Nf8 43. Nf7+ Kh7
44. Qe4+ g6 45. N7e5 Qb3 46. Nc4 Qd1 47. Kg2 Qd7 48. h4 Qf5 49. Qb7+ Kg8
50. Nce5 Qe6 51. Kf1 Be7 52. Qe4 b5 53. Ke2 Bf6 54. Ke3 b4 55. Nc4 Qxe4+
56. Kxe4 b3 57. Nfd2 Bxh4 58. Nxb3 Bf6 59. Nc5 Kg7 60. Kf4 h5 61. Nd2 Be7
62. Nce4 Kh6 63. Nf3 Ne6+ 64. Ke5 Ng5 65. Nd4 Nxe4 66. Kxe4 Kg5 67. Kf3 Bd6
68. Ne6+ Kh4 69. Nd4 Be5 70. Nc2 g5 71. Ne3 Kh3 72. Ng2 g4+ 73. Kf2 Bd4+
74. Kf1 Kg3 75. Ne1 h4 76. Nc2 Bc5 0-1

[Event "ch-SCO"]
[Site "Edinburgh SCO"]
[Date "2009.07.18"]
[Round "8"]
[White "Shaw,J"]
[Black "Gourlay,I"]
[Result "1/2-1/2"]
[WhiteElo "2462"]
[BlackElo "2349"]
[EventDate "2009.07.11"]

1. e4 c5 2. Nf3 e6 3. c3 Nf6 4. e5 Nd5 5. d4 cxd4 6. cxd4 d6 7. Bc4 Nc6 8.
Qe2 Be7 9. O-O O-O 10. Rd1 Na5 11. b3 Bd7 12. Bxd5 exd5 13. Nc3 Be6 14. Ba3
Nc6 15. Rac1 Re8 16. Qd3 Bf8 17. exd6 Bxd6 18. Bxd6 Qxd6 19. Nb5 Qd8 20.
Ne5 Bd7 21. Nxf7 Kxf7 22. Qxh7 Bg4 23. f3 Rh8 24. Qc2 Be6 25. Qd2 Qb8 26.
g3 a6 27. Nc3 Qd6 28. Ne2 Rh6 29. Nf4 Rah8 30. h4 g5 31. hxg5 Rh1+ 32. Kf2
R8h2+ 33. Ng2 Bh3 34. Rg1 Bxg2 35. Rxg2 Rxg2+ 36. Kxg2 Rxc1 37. Qxc1 Kg6
38. g4 Qe6 39. Qd2 Qe7 40. Qd3+ Kxg5 41. Qf5+ Kh6 42. Qxd5 Qe2+ 43. Kg3
Qe1+ 1/2-1/2

[Event "ch-SCO"]
[Site "Edinburgh SCO"]
[Date "2009.07.18"]
[Round "8"]
[White "Roberts,P"]
[Black "Rowson,J"]
[Result "1/2-1/2"]
[WhiteElo "2176"]
[BlackElo "2591"]
[EventDate "2009.07.11"]

1. Nf3 g6 2. c4 Bg7 3. g3 d6 4. Nc3 e5 5. Bg2 Nc6 6. d3 f5 7. O-O Nf6 8.
Rb1 h6 9. b4 a6 10. a4 O-O 11. b5 axb5 12. axb5 Ne7 13. Bb2 Be6 14. Qb3 b6
15. Ra1 Rc8 16. Nd2 Qe8 17. Ra7 g5 18. Nd5 Nexd5 19. cxd5 Bd7 20. Rc1 Qh5
21. Nf3 Ne8 22. Rca1 f4 23. Ra8 Nf6 24. Rxc8 Rxc8 25. Ra7 Qe8 26. Qc2 Bxb5
27. Rxc7 Bd7 28. Nd2 b5 29. Ba3 Bf8 30. Ne4 Nxe4 31. Bxe4 Ra8 32. Bb2 Ra4
33. e3 fxe3 34. fxe3 Qd8 35. Rb7 Ra2 36. Qb3 Qa5 37. Bc3 Qa3 1/2-1/2

[Event "ch-SCO"]
[Site "Edinburgh SCO"]
[Date "2009.07.18"]
[Round "8"]
[White "Surtees,M"]
[Black "Summerscale,A"]
[Result "0-1"]
[WhiteElo "2149"]
[BlackElo "2454"]
[EventDate "2009.07.11"]

1. e4 e6 2. f4 b6 3. d3 c5 4. c3 Bb7 5. Qc2 d5 6. Nd2 Nc6 7. Nh3 Nf6 8. Be2
Be7 9. O-O Qc7 10. a3 a5 11. b3 b5 12. Qb1 b4 13. Bb2 bxc3 14. Bxc3 O-O 15.
e5 Nd7 16. Bg4 a4 17. Nf3 d4 18. Bd2 Na5 19. Bxa5 Qxa5 20. Nfg5 Bd5 21. Bf3
Nb6 22. b4 cxb4 23. Qe1 b3 24. Qg3 f6 25. Nxh7 Kxh7 26. Bh5 f5 27. Ng5+
Bxg5 28. Qxg5 Kg8 29. Bg6 Ra7 30. Qh4 Rc8 31. Qh7+ Kf8 32. Qh8+ Ke7 33.
Qxg7+ Kd8 34. Qf8+ Kc7 35. Rac1+ Kb7 36. Rxc8 Nxc8 37. Rc1 Ra8 38. Qf7+ Ka6
0-1

[Event "ch-SCO"]
[Site "Edinburgh SCO"]
[Date "2009.07.18"]
[Round "8"]
[White "Thomson,C"]
[Black "Mitchell,M"]
[Result "1-0"]
[WhiteElo "2320"]
[BlackElo "2147"]
[EventDate "2009.07.11"]

1. d4 g6 2. Nf3 Bg7 3. c4 d6 4. Nc3 e5 5. e3 Nc6 6. Be2 Nge7 7. d5 Nb8 8.
e4 O-O 9. Qc2 f5 10. h4 fxe4 11. Nxe4 Na6 12. Bd2 Nc5 13. h5 Bf5 14. Bd3
Qd7 15. hxg6 Nxg6 16. Nxc5 dxc5 17. Ng5 Nf4 18. Bxf4 exf4 19. Ne6 Bxd3 20.
Qxd3 Bxb2 21. Rb1 Rae8 22. Qh3 Rf6 23. O-O Be5 24. Rxb7 f3 25. g3 Rg6 26.
Rb3 Qf7 27. Re3 Bd4 28. Re4 Bh8 29. Rf4 Qd7 30. Rxf3 c6 31. Qf5 cxd5 32.
Qf8+ 1-0

[Event "ch-SCO"]
[Site "Edinburgh SCO"]
[Date "2009.07.18"]
[Round "8"]
[White "Berry,N"]
[Black "Herbold,M"]
[Result "1/2-1/2"]
[WhiteElo "2313"]
[BlackElo "2159"]
[EventDate "2009.07.11"]

1. d4 e6 2. e4 c5 3. d5 exd5 4. exd5 d6 5. Nf3 Bg4 6. h3 Bh5 7. Nc3 Be7 8.
Be2 Nf6 9. O-O O-O 10. Bf4 a6 11. a4 Nbd7 12. Nd2 Bg6 13. Re1 Re8 14. Bf3
Bf8 15. Rxe8 Nxe8 16. g4 Be7 17. Nc4 Nb6 18. Ne3 Bg5 19. Bxg5 Qxg5 20. Bg2
h5 21. Qf3 hxg4 22. hxg4 Qe5 23. Ra3 Nd7 24. Rb3 b5 25. axb5 axb5 26. Rxb5
Ra1+ 27. Bf1 Qd4 28. Qg3 Ne5 29. Rb8 f6 30. Rb7 Be4 31. Nxe4 Qxe4 32. Kh2
Nf3+ 33. Kh3 Ng5+ 34. Kh2 Nf3+ 35. Kh3 Ng5+ 1/2-1/2

[Event "ch-SCO"]
[Site "Edinburgh SCO"]
[Date "2009.07.18"]
[Round "8"]
[White "Walker,Du"]
[Black "White,Mi"]
[Result "0-1"]
[WhiteElo "1993"]
[BlackElo "2259"]
[EventDate "2009.07.11"]

1. Nf3 Nf6 2. c4 g6 3. g3 Bg7 4. Nc3 O-O 5. Bg2 d6 6. d4 Nbd7 7. O-O e5 8.
dxe5 dxe5 9. Qc2 c6 10. b3 Qe7 11. e4 a5 12. Bb2 h6 13. Rfd1 Nh7 14. a4 Nc5
15. Ba3 Bg4 16. Rd2 b6 17. h3 Bxf3 18. Bxf3 Ng5 19. Bg2 Qf6 20. Bxc5 bxc5
21. Rad1 Rfd8 22. Rd7 Ne6 23. R1d6 Rxd7 24. Rxd7 Nd4 25. Qd1 Qe6 26. Rb7
Qc8 27. Rb5 cxb5 28. axb5 Qd8 29. Na4 Ne6 0-1

[Event "ch-SCO"]
[Site "Edinburgh SCO"]
[Date "2009.07.18"]
[Round "8"]
[White "McGowan,D"]
[Black "Green,An"]
[Result "0-1"]
[WhiteElo "2098"]
[BlackElo "2203"]
[EventDate "2009.07.11"]

1. e4 Nf6 2. e5 Nd5 3. d4 d6 4. Nf3 dxe5 5. Nxe5 c6 6. c4 Nb4 7. Be3 Bf5 8.
Na3 Nd7 9. Nxd7 Qxd7 10. Be2 e6 11. O-O Be7 12. Qd2 O-O 13. Rfd1 Rfd8 14.
c5 Nd5 15. Nc4 f6 16. Bf3 Qc7 17. Qe2 b5 18. cxb6 axb6 19. Bg4 b5 20. Nd2
Bxg4 21. Qxg4 f5 22. Qh3 f4 23. Qxe6+ Kh8 24. Rdc1 Rd6 25. Qe4 fxe3 26.
fxe3 Qd7 27. Re1 Re8 28. Nf3 Bg5 29. Ne5 Bf6 30. Nxd7 Rxe4 31. Nxf6 Rxf6
0-1

[Event "ch-SCO"]
[Site "Edinburgh SCO"]
[Date "2009.07.18"]
[Round "8"]
[White "Parks,J"]
[Black "Sreeves,C"]
[Result "1-0"]
[WhiteElo "1919"]
[BlackElo "2011"]
[EventDate "2009.07.11"]

1. d4 Nf6 2. c4 g6 3. Nc3 Bg7 4. e4 d6 5. f4 O-O 6. Nf3 c5 7. d5 e6 8. Be2
exd5 9. cxd5 Bg4 10. O-O Nbd7 11. Re1 Re8 12. h3 Bxf3 13. Bxf3 a6 14. a4
Qa5 15. Bd2 Rac8 16. g4 h6 17. g5 hxg5 18. fxg5 Nh7 19. Bg4 Rcd8 20. Bxd7
Rxd7 21. h4 Nf8 22. e5 Rxe5 23. Ne4 Qd8 24. Bc3 Rf5 25. Qd2 Re7 26. Bf6
Bxf6 27. gxf6 Rxe4 28. Rxe4 Qxf6 29. Rae1 Kg7 30. Qc3 Nd7 31. Qxf6+ Nxf6
32. Re7 Rxd5 33. Rxb7 Rd4 34. Ree7 Rg4+ 35. Kf1 Rf4+ 36. Ke2 Nd5 37. Red7
Nb4 38. Ke3 Nd5+ 39. Ke2 Nb4 40. Ke3 Nd5+ 41. Ke2 Rf6 42. Ra7 Nb4 43. Rac7
Rf4 44. Rxd6 Rxh4 45. Rdd7 Rh2+ 46. Kf3 Rxb2 47. Rxf7+ Kh6 48. Rh7+ Kg5 49.
Rxc5+ Kf6 50. Rb7 Ke6 51. Rb6+ Kd7 52. Rxg6 Ra2 53. Rh5 Rd2 54. Rh7+ Kc8
55. Rg8+ Rd8 56. Rxd8+ Kxd8 57. Ke4 Kc8 58. Kd4 1-0

[Event "ch-SCO"]
[Site "Edinburgh SCO"]
[Date "2009.07.19"]
[Round "9"]
[White "Arun Prasad,S"]
[Black "Panchanathan,M"]
[Result "1-0"]
[WhiteElo "2556"]
[BlackElo "2493"]
[EventDate "2009.07.11"]

1. d4 Nf6 2. c4 e6 3. Nf3 b6 4. g3 Bb7 5. Bg2 Be7 6. Nc3 Ne4 7. Qc2 Nxc3 8.
Qxc3 O-O 9. O-O c5 10. Rd1 Bf6 11. Qc2 cxd4 12. Ng5 Bxg5 13. Bxb7 Bxc1 14.
Bxa8 Bg5 15. Rxd4 Qc7 16. Qb3 Rc8 17. Bf3 Bf6 18. Rdd1 Qxc4 19. Qxc4 Rxc4
20. Rac1 b5 21. b3 Rc3 22. Rxc3 Bxc3 23. e4 Kf8 24. Be2 a6 25. a4 b4 26.
Rd6 Be5 27. Rb6 a5 28. Rb7 f6 29. Ra7 Ke7 30. Rxa5 Nc6 31. Ra8 Bc7 32. Rg8
Kf7 33. Rc8 Bb6 34. Bc4 h6 35. Kf1 Ke7 36. f4 Kd6 37. Ke2 g5 38. Rh8 gxf4
39. gxf4 Kc5 40. Kd3 Bc7 41. Bb5 Na5 42. Kc2 Bxf4 43. Bxd7 Kd6 44. Bb5 Bxh2
45. Rh7 Bg1 46. Rxh6 Bd4 47. Rh5 Bb6 48. Rh8 Bc7 49. Re8 Nb7 50. Kd3 Ba5
51. Ra8 Kc7 52. Ba6 Nc5+ 53. Kc4 Kd6 54. Bc8 Bc7 55. Kxb4 Nxe4 56. Ra6+ Ke5
57. Rc6 Bd6+ 58. Kb5 f5 59. a5 f4 60. a6 Bb8 61. Rxe6+ Kd5 62. Rxe4 Kxe4
63. Kc6 Ba7 64. b4 1-0

[Event "ch-SCO"]
[Site "Edinburgh SCO"]
[Date "2009.07.19"]
[Round "9"]
[White "Arakhamia,K"]
[Black "Greet,A"]
[Result "0-1"]
[WhiteElo "2506"]
[BlackElo "2443"]
[EventDate "2009.07.11"]

1. e4 e5 2. Nf3 Nc6 3. Bb5 Nf6 4. d3 Bc5 5. c3 O-O 6. O-O d5 7. Qe2 Re8 8.
Bg5 dxe4 9. dxe4 h6 10. Rd1 Qe7 11. Bh4 g5 12. Bxc6 bxc6 13. Bg3 Nh5 14.
Nbd2 Nf4 15. Qc4 Rb8 16. b4 Bd6 17. Bxf4 gxf4 18. Qxc6 Kh7 19. Kh1 Rg8 20.
Qc4 Rg7 21. Qd3 Bb7 22. Rg1 Rbg8 23. Rae1 Kh8 24. Nc4 Rg4 25. Nxd6 cxd6 26.
c4 Qe6 27. c5 d5 28. exd5 Qxd5 29. Qxd5 Bxd5 30. Nxe5 Bxg2+ 31. Rxg2 Rxg2
32. Nxf7+ Kh7 33. Rf1 R2g6 34. Nd6 Rg5 35. Rc1 Rd5 36. Ne4 Rf8 37. c6 Kg6
38. c7 Rc8 39. Rc6+ Kg7 0-1

[Event "ch-SCO"]
[Site "Edinburgh SCO"]
[Date "2009.07.19"]
[Round "9"]
[White "Summerscale,A"]
[Black "Thomson,C"]
[Result "1-0"]
[WhiteElo "2454"]
[BlackElo "2320"]
[EventDate "2009.07.11"]

1. Nf3 Nf6 2. c4 c6 3. d4 d5 4. e3 Bf5 5. cxd5 cxd5 6. Qb3 Qc7 7. Bd2 Nc6
8. Bb5 e6 9. Bb4 Bd6 10. Bxc6+ bxc6 11. Bxd6 Qxd6 12. Nbd2 O-O 13. O-O Nd7
14. Rfc1 Rfc8 15. Nh4 Bg4 16. Rc2 Qe7 17. Nhf3 Bf5 18. Rc3 g5 19. Qa3 Qxa3
20. Rxa3 c5 21. dxc5 Rxc5 22. Nb3 Rc7 23. Nxg5 Rac8 24. f4 Nb6 25. Nd4 Bg6
26. Ngf3 Nc4 27. Rb3 Nd6 28. h3 Be4 29. Nd2 Bg6 30. Re1 Ne4 31. Nxe4 Bxe4
32. Kf2 Rc1 33. Re2 h5 34. h4 Rh1 35. Nf3 Rc7 36. Kg3 f6 37. Rb8+ Kh7 38.
Rf8 Kg6 39. Re8 Rg7 40. Kf2 Bd3 41. Re1 Rxe1 42. Nxe1 Bb1 43. a3 Bf5 44.
Nf3 Rb7 45. b4 Rc7 46. Nd4 Kf7 47. Rh8 Be4 48. f5 Rc3 49. fxe6+ Ke7 50. Rb8
Rxa3 51. Rb7+ Kd6 52. Rd7+ Ke5 53. e7 1-0

[Event "ch-SCO"]
[Site "Edinburgh SCO"]
[Date "2009.07.19"]
[Round "9"]
[White "Gourlay,I"]
[Black "Grant,J"]
[Result "1-0"]
[WhiteElo "2349"]
[BlackElo "2254"]
[EventDate "2009.07.11"]

1. Nf3 Nf6 2. g3 c5 3. Bg2 d5 4. O-O Nc6 5. d4 e6 6. c4 cxd4 7. Nxd4 Bc5 8.
Nxc6 bxc6 9. Qc2 Be7 10. Rd1 O-O 11. e4 Bb7 12. Nc3 Qc7 13. Bg5 Rfd8 14.
exd5 cxd5 15. Qb3 Ne4 16. Bxe7 Qxe7 17. cxd5 Nxc3 18. bxc3 Bxd5 19. Bxd5
exd5 20. Rxd5 Rxd5 21. Qxd5 Rd8 22. Qf3 g6 23. Rd1 Rxd1+ 24. Qxd1 h5 25. h4
Qe6 26. a4 Qa2 27. Qd4 a6 28. Kg2 Qc2 29. Qc4 Kg7 30. Qxa6 Qxc3 31. a5 Qe5
32. Qb6 Qd5+ 33. Kh2 g5 34. hxg5 Qxg5 35. a6 h4 36. Qd4+ f6 37. Qxh4 Qc5
38. Qg4+ Kf7 39. Qf3 Kg6 40. Kg2 f5 41. Qb7 f4 42. a7 fxg3 43. Qe4+ Kh5 44.
Qf3+ Kh4 45. a8=Q 1-0

[Event "ch-SCO"]
[Site "Edinburgh SCO"]
[Date "2009.07.19"]
[Round "9"]
[White "Rowson,J"]
[Black "Khamroev,R"]
[Result "1-0"]
[WhiteElo "2591"]
[BlackElo "2225"]
[EventDate "2009.07.11"]

1. d4 f5 2. Nc3 Nf6 3. Bg5 d5 4. f3 Nc6 5. e4 fxe4 6. fxe4 dxe4 7. Bb5 a6
8. Bxc6+ bxc6 9. Nge2 Be6 10. Ng3 g6 11. Qd2 Bg7 12. O-O-O Bd5 13. Rhe1 O-O
14. h3 Rb8 15. b3 Qd6 16. Bxf6 exf6 17. Ngxe4 Qa3+ 18. Kb1 Bf7 19. Nc5 f5
20. Nd7 a5 21. Ka1 a4 22. Nxb8 Rxb8 23. Nxa4 Ra8 24. c4 Bxc4 25. Qc2 Bd5
26. Nc5 Qb4 27. Kb1 Bxd4 28. Nd3 Qb6 29. Nf4 Bf7 30. Ne6 Bf6 31. g4 fxg4
32. hxg4 Re8 33. Nc5 Rxe1 34. Rxe1 Qb4 35. Re4 Qa5 36. Nd7 Bg7 37. Qe2 h5
38. Ne5 Qc3 39. Qe3 Qa5 40. Nxf7 Kxf7 41. Re7+ Kg8 42. Qe6+ Kh7 43. Qf6
Qe1+ 44. Kc2 Qe2+ 45. Rxe2 Bxf6 46. gxh5 gxh5 47. Kd3 1-0

[Event "ch-SCO"]
[Site "Edinburgh SCO"]
[Date "2009.07.19"]
[Round "9"]
[White "Herbold,M"]
[Black "Morrison,G SCO"]
[Result "0-1"]
[WhiteElo "2159"]
[BlackElo "2366"]
[EventDate "2009.07.11"]

1. d4 Nf6 2. c4 e6 3. Nf3 Bb4+ 4. Nbd2 d5 5. Qa4+ Nc6 6. a3 Be7 7. e3 O-O
8. b4 a6 9. Qc2 Bd7 10. Bd3 Bxb4 11. axb4 Nxb4 12. Qb1 Nxd3+ 13. Qxd3 dxc4
14. Nxc4 Bb5 15. Qc2 Qd5 16. Na3 Qe4 17. Qxe4 Nxe4 18. Bb2 Nd6 19. Nxb5
Nxb5 20. Ke2 Rfd8 21. Rhc1 f6 22. Rc5 Kf7 23. Nd2 Rac8 24. Rac1 Rd5 25. Nb1
Rcd8 26. Na3 Rxc5 27. Rxc5 c6 28. Nxb5 axb5 29. Rc1 f5 30. Ra1 g5 31. Ra7
Rd7 32. Ba3 g4 33. Bc5 h5 34. Ra8 Kg7 35. Bb6 Kf7 36. Rc8 b4 37. Rc7 Ke8
38. Kd3 e5 39. Rxd7 0-1

[Event "ch-SCO"]
[Site "Edinburgh SCO"]
[Date "2009.07.19"]
[Round "9"]
[White "Poobalasingam,P"]
[Black "Eggleston,D"]
[Result "0-1"]
[WhiteElo "2224"]
[BlackElo "2341"]
[EventDate "2009.07.11"]

1. e4 c5 2. Nc3 d6 3. g3 Nc6 4. Bg2 e5 5. h3 g6 6. d3 Bg7 7. Be3 Nge7 8.
Qd2 Nd4 9. Nce2 d5 10. c3 Ne6 11. Bh6 Bxh6 12. Qxh6 d4 13. Qd2 Bd7 14. cxd4
cxd4 15. f4 f6 16. Nf3 Nc6 17. h4 Qe7 18. Rc1 a5 19. g4 Nc5 20. g5 fxg5 21.
hxg5 O-O 22. O-O exf4 23. Nxf4 Rxf4 24. Qxf4 Nxd3 25. Qc7 Nxc1 26. Rxc1 Rf8
27. Qxb7 Qxe4 28. Re1 Qg4 29. Ne5 Qg3 30. Nxd7 Qxe1+ 31. Kh2 Qh4+ 32. Kg1
Qf2+ 33. Kh1 Qe1+ 34. Kh2 Qh4+ 35. Kg1 Qf2+ 36. Kh1 Nd8 37. Qd5+ Nf7 38.
Nxf8 Kxf8 39. Qxa5 Qh4+ 40. Kg1 Nxg5 41. Qd8+ Kg7 42. Qe7+ Kh6 43. Qf8+ Kh5
44. Bf3+ Nxf3+ 45. Qxf3+ Kg5 46. Kg2 h5 47. a4 Qg4+ 48. Qxg4+ hxg4 49. a5
d3 50. a6 d2 51. a7 d1=Q 52. a8=Q Qc2+ 53. Kg1 Qc1+ 54. Kf2 Qxb2+ 55. Kf1
Qc1+ 56. Ke2 Qc2+ 57. Ke1 Qc3+ 58. Ke2 Qf3+ 59. Qxf3 gxf3+ 60. Kxf3 Kh4 61.
Kf2 Kh3 0-1

[Event "ch-SCO"]
[Site "Edinburgh SCO"]
[Date "2009.07.19"]
[Round "9"]
[White "Farrell,N"]
[Black "Berry,N"]
[Result "1/2-1/2"]
[WhiteElo "2191"]
[BlackElo "2313"]
[EventDate "2009.07.11"]

1. d4 Nf6 2. c4 e6 3. Nc3 Bb4 4. Qc2 d5 5. a3 Bxc3+ 6. Qxc3 Ne4 7. Qc2 c5
8. dxc5 Nc6 9. e3 Qa5+ 10. Bd2 Nxd2 11. Qxd2 dxc4 12. Qxa5 Nxa5 13. Rc1 b5
14. cxb6 Bb7 15. bxa7 O-O 16. Nf3 Bxf3 17. gxf3 Rxa7 18. Be2 Rb8 19. O-O
Rxb2 20. Bxc4 Nxc4 21. Rxc4 g6 22. a4 Ra2 1/2-1/2

[Event "ch-SCO"]
[Site "Edinburgh SCO"]
[Date "2009.07.19"]
[Round "9"]
[White "Lyell,M"]
[Black "Roberts,P"]
[Result "1/2-1/2"]
[WhiteElo "2288"]
[BlackElo "2176"]
[EventDate "2009.07.11"]

1. e4 e6 2. d4 d5 3. e5 c5 4. c3 Qb6 5. Nf3 Bd7 6. a3 cxd4 7. cxd4 Bb5 8.
Bxb5+ Qxb5 9. Nc3 Qa6 10. Ne2 Bb4+ 11. Bd2 Bxd2+ 12. Qxd2 h6 13. O-O Ne7
14. Nf4 O-O 15. Rac1 Nbc6 16. Nh5 Rac8 17. Nf6+ gxf6 18. exf6 Kh7 19. fxe7
Nxe7 20. Ne5 Kg7 21. Qf4 Ng6 22. Qg4 Qd6 23. h4 Kh7 24. f4 Qb6 25. Nxg6
fxg6 26. Kh1 h5 27. Qg5 Qd6 28. Rxc8 Rxc8 29. Rf3 Qd8 30. Qxd8 Rxd8 31. Rc3
Rd7 32. g3 Kg7 33. Kg2 Kf7 34. Kf3 Kg7 35. Rc8 Kf7 36. g4 hxg4+ 37. Kxg4
Re7 38. Kg5 Kg7 39. Rc5 Rf7 40. Kg4 Kf6 41. Rc8 Re7 42. b4 Rd7 43. a4 b6
44. Rc6 Re7 45. Rc8 Rd7 46. Rf8+ Kg7 47. Rc8 Kf6 48. Rc1 Rb7 49. b5 Rd7 50.
Rc8 Re7 51. h5 gxh5+ 52. Kxh5 Rh7+ 53. Kg4 Rg7+ 54. Kf3 Rh7 55. Rf8+ Ke7
56. Ra8 Kf6 57. Rf8+ Ke7 58. Rc8 Kf6 59. Ra8 Rg7 60. Rf8+ Ke7 61. Ra8 Kf6
62. Rf8+ Ke7 63. Ra8 1/2-1/2

[Event "ch-SCO"]
[Site "Edinburgh SCO"]
[Date "2009.07.19"]
[Round "9"]
[White "Foord,D"]
[Black "Tate,A"]
[Result "1-0"]
[WhiteElo "2069"]
[BlackElo "2195"]
[EventDate "2009.07.11"]

1. d4 Nf6 2. c4 c5 3. d5 b5 4. cxb5 a6 5. bxa6 g6 6. Nc3 Bxa6 7. g3 d6 8.
Bg2 Bg7 9. Nf3 O-O 10. O-O Nbd7 11. Rb1 Ne8 12. Qc2 Nc7 13. Rd1 Nb6 14. e4
Nb5 15. Nxb5 Bxb5 16. b3 Qc8 17. Bg5 Re8 18. a4 Nxa4 19. bxa4 Bxa4 20. Qe2
Bxd1 21. Rxd1 Qa6 22. Qe1 Qa4 23. Rc1 h6 24. Bd2 Rab8 25. Bf1 Rb3 26. Kg2
Qa3 27. Qd1 Ra8 28. Bc4 Rb2 29. Qe1 Ra4 30. e5 dxe5 31. Bc3 e4 32. Ne5 Bxe5
33. Bxe5 Qf3+ 34. Kg1 Rbb4 35. Be2 Qf5 36. Bc3 Rb8 37. Qd1 Ra2 38. d6 exd6
39. Qxd6 Re8 40. Re1 Rc2 41. Ba1 Ra8 42. Qd1 Rca2 43. Bc3 Kh7 44. Qc1 f6
45. Qb1 h5 46. Qb7+ Kh6 47. Bb2 Qe6 48. Bc1+ g5 49. Qc7 Rc8 50. Qb7 c4 51.
Bxh5 f5 52. Be2 f4 53. Bf3 e3 54. Bxe3 fxe3 55. Rxe3 Qf5 56. Qb6+ Kg7 57.
Qd4+ 1-0

[Event "ch-SCO"]
[Site "Edinburgh SCO"]
[Date "2009.07.19"]
[Round "9"]
[White "Zhang,F"]
[Black "Surtees,M"]
[Result "0-1"]
[WhiteElo "2058"]
[BlackElo "2149"]
[EventDate "2009.07.11"]

1. d4 c6 2. c4 f6 3. Nf3 e5 4. Nc3 Bb4 5. dxe5 fxe5 6. Qb3 Bxc3+ 7. Qxc3 d6
8. e4 Nf6 9. Qc2 c5 10. Be2 Nc6 11. a3 O-O 12. O-O Bg4 13. Ng5 Nd4 14. Qa4
Bxe2 15. Re1 Bd3 16. Qd1 Bxc4 17. Be3 h6 18. Nf3 Bb3 19. Qd3 c4 20. Qd2
Nxe4 21. Qc1 Nxf3+ 22. gxf3 Ng5 23. Kg2 Nxf3 24. Rh1 Qh4 25. h3 Qe4 26. Kf1
c3 27. Qxc3 Bc4+ 0-1